000 00652nam a2200181Ia 4500
008 090124s9999 xx 000 0 und d
082 _b23811
_a396
100 _aकेळकर अशोक रा.
245 _a वैखरी : भाषा आणि भाषाव्यवहार
250 _a1
260 _c1983
300 _a295
600 _aकेळकर अशोक रा.
630 _a वैखरी : भाषा आणि भाषाव्यवहार
700 _aकेळकर अशोक रा.
730 _a वैखरी : भाषा आणि भाषाव्यवहार
942 _cBOOK
999 _c137399
_d137399